000 00670nam a2200205Ia 4500
005 20260114155024.0
008 008 250103s9999 xx 000 0 eng d
037 _aTheses
040 _aCRL
_beng
_cCRL
041 _aeng
_2eng
084 _qCRL
100 _aSehgal Puneet Au.
_9869997
245 0 _aDesign and Analysis of Split-Ring Resonator Antennas for WLAN/WiMAX/Wi-Fi 6 Applications
260 _aDelhi
_bUniversity of Delhi. Faculty of Inter-Disciplinary&Applied Science. Deptt. of Electronic Science
_c2024
300 _a157p.
650 _aElectronic Science
_9869998
700 _a Patel Kamlesh Gu.
_9869999
942 _cTH
999 _c1469709
_d1469709